00512nam a2200181 a 4500001001300000003000900013005001700022008004100039020000900080082001500089100001900104245008000123260004900203300000800252500003500260505002400295650001100319nice12345678IN_TiNIC20260116014224.0050524s1999 dela grp 000 0 eng  ac8000a297.4bFAT aFatoohi, Louay aHand in Hand on the Way to Allah With Tariqa, Aliyyah Qadiriyyah Casnazaniy aDelhibInternational Islamic Publisherc1999 a82p aincludes index and biblioraphy2 aGeneral Conclusions aSufism